00404nam a2200145Ia 4500003000400000005001700004008004100021040001800062041000800080100005600088110002200144245003900166260002000205710003300225OSt20260313162923.0211028s2014 xx 000 0 und d cAIMIT LIBRARY aeng aFarish, Mohammed Hassan; Rajamani, Kavitha.g111750 aMelissa Castelino aPortal for booking movie tickets / aBangalorec2014 aPragathi Krishna Gramin Bank